Catalog

Record Details

Catalog Search



Mr. popper's penguins. Cover Image DVD DVD

Mr. popper's penguins.

Summary:

Tom Popper, a successful businessman who's clueless when it comes to the really important things in life, until he inherits six 'adorable' penguins, each with its own unique personality. Soon Tom's rambunctious roommates turn his swank New York apartment into a snowy winter wonderland, and the rest of his world upside-down. Adapted from the award-winning classic children's book, Mr. Popper's Penguins is a cool blast of fun for all ages.

Record details

  • Physical Description: videorecording
  • Publisher: [Place of publication not identified] : Fox Home Entertainment, 2011.

Content descriptions

Creation/Production Credits Note:
Director of photography, Florian Ballhaus ; film editor, Bruce Green ; music by Rolfe Kent.
Participant or Performer Note:
Jim Carrey, Madeleine Carroll, Ophelia Lovibond, Angela Lansbury, Carla Gugino.
Language Note:
Closed-captioned; English subtitles for the deaf and hard of hearing (SDH).
Audio descriptions for people with visual disabilities.
English, dubbed French or dubbed Spanish dialogue; optional Spanish subtitles.
Subject: Film adaptations.
Businessmen > Drama.
Businesspeople > Drama.
Genre: Feature films.
Comedy films.
Video recordings for the hearing impaired.

Available copies

  • 1 of 1 copy available at scottsboropl.

Holds

  • 0 current holds with 1 total copy.
Show Only Available Copies
Location Call Number / Copy Notes Barcode Shelving Location Status Due Date
scottsboropl J DVD MrP 32269001143380 Juvenile - DVD Available -

LDR 02109ngm a22004333 4500
001153270
003CONS
00520200123115527.0
007vd |v||||
008111102s2011 xx --- j vueng d
0241 . ‡a024543737582
0247 . ‡aB004A8ZX3C ‡2Amazon
02842. ‡a2273758 ‡b20th Century Fox Home Entertainment
035 . ‡a(CPomAG)LMN615582
0411 . ‡aeng ‡afre ‡aspa ‡jeng ‡jspa ‡heng
050 4. ‡aPN1997.2 ‡b.M72 2011
08204. ‡a791.43/72 ‡223
1001 . ‡aCarrey, Jim.
24510. ‡aMr. popper's penguins.
260 . ‡a[Place of publication not identified] : ‡bFox Home Entertainment, ‡c2011.
300 . ‡avideorecording
336 . ‡atwo-dimensional moving image ‡btdi ‡2rdacontent
337 . ‡avideo ‡bv ‡2rdamedia
338 . ‡avideodisc ‡bvd ‡2rdacarrier
508 . ‡aDirector of photography, Florian Ballhaus ; film editor, Bruce Green ; music by Rolfe Kent.
5111 . ‡aJim Carrey, Madeleine Carroll, Ophelia Lovibond, Angela Lansbury, Carla Gugino.
520 . ‡aTom Popper, a successful businessman who's clueless when it comes to the really important things in life, until he inherits six 'adorable' penguins, each with its own unique personality. Soon Tom's rambunctious roommates turn his swank New York apartment into a snowy winter wonderland, and the rest of his world upside-down. Adapted from the award-winning classic children's book, Mr. Popper's Penguins is a cool blast of fun for all ages.
546 . ‡aClosed-captioned; English subtitles for the deaf and hard of hearing (SDH).
546 . ‡aAudio descriptions for people with visual disabilities.
546 . ‡aEnglish, dubbed French or dubbed Spanish dialogue; optional Spanish subtitles.
650 0. ‡aFilm adaptations.
650 0. ‡aBusinessmen ‡vDrama.
650 1. ‡aBusinesspeople ‡vDrama.
655 7. ‡aFeature films. ‡2lcgft
655 7. ‡aComedy films. ‡2lcgft
655 7. ‡aVideo recordings for the hearing impaired. ‡2lcgft
914 . ‡aSCP_LP
959 . ‡i32269001143380 ‡lJ DVD MrP ‡aJuvenile - DVD ‡tDVD ‡g30.00
852 . ‡p32269001143380 ‡jJ DVD MrP ‡gJuvenile - DVD ‡cDVD ‡y30.00 ‡bSBPL
901 . ‡a153270 ‡bUnknown ‡c153270 ‡tbiblio

Additional Resources